| 000 | 00773nam a22002055i 4500 | ||
|---|---|---|---|
| 001 | 162536 | ||
| 003 | ES-MaACL | ||
| 005 | 20230906212540.0 | ||
| 008 | 991105s1866 fr |||| | fre d | ||
| 040 |
_aCAM _bspa _cCAM |
||
| 100 | 1 |
_aPreller, Louis. _9131349 |
|
| 245 | 1 | 4 |
_aLes dieux de l'ancienne Rome _b: mythologie romaine / _cde L. Preller ; traduction de M.L. Dietz ; avec une préface par L.F. Alfred Maury. |
| 250 | _a2\pème\s éd. | ||
| 260 |
_aParis : _bLibrairie Académique Didier et C., libraires-éditeurs, _c1866 ( _fImprimerie de p.-A. Bourdier et C.) |
||
| 300 |
_a519 p. ; _c18 cm. |
||
| 650 | 0 | 4 |
_aMitología romana. _915109 |
| 700 | 1 |
_aDietz, L., _etrad. _9126801 |
|
| 700 | 1 |
_aMaury, Alfred. _9129748 |
|
| 852 |
_aES-MaACL _jG-10322 _z-- Enc. hol. |
||
| 999 |
_c162536 _d162536 |
||